Elias Canetti and Social Theory : The Bond of Creation /

Guardado en:
Bibliografiske detaljer
Hovedforfatter: Brighenti, Andrea Mubi (autor)
Format: Bog
Sprog:engelsk
Udgivet: Londres, Inglaterra : Bloomsbury, 2023, c2023
Fag:
Online adgang:Ver documento en línea
Tags: Tilføj Tag
Ingen Tags, Vær først til at tagge denne postø!

MARC

LEADER 00000nam^a2200000^a^4500
001 000590603
005 20251023000000.0
009 20260310132911.526
020 |a 9781350344433 
037 |a Acervo ITESO - Biblioteca 
041 |a ING 
082 |a 300. 1  |b BRI 
100 |a Brighenti, Andrea Mubi  |e (autor) 
245 1 0 |a Elias Canetti and Social Theory :  |b The Bond of Creation /  |c A.M. Brighenti. 
264 4 |a Londres, Inglaterra :  |b Bloomsbury,  |c 2023, c2023 
264 2 |a Cartagena, España :  |b Odilo [distribución],  |c 2024 
300 |a 1 libro electrónico en línea (216 p.) 
300 |a 1 recurso en línea 
336 |a datos para computadora  |b cod  |2 rdacontenido 
337 |a computadora  |b c  |2 rdamedio 
338 |a recurso en línea  |b cr  |2 rdasoporte 
506 1 |a 1 licencia 
521 |a Odilo 2024 EEnlace Departamento de Filosofía y Humanidades 
545 0 |a Elias Canetti (Rutschuk, Bulgaria, 1905 - Zurich, Suiza, 1994) es uno de los grandes pensadores centroeuropeos del siglo XX, ganador del Premio Nobel de Literatura en 1981. Es autor de una obra que participa por igual de la literatura que de la filosofía, preocupada por los grandes problemas del hombre contemporáneo. Aunque el sefardí y el búlgaro fueron sus lenguas maternas, su idioma de escritura fue siempre el alemán, incluso en los convulsivos años del Tercer Reich. Auto de fe (1935), su única novela, pretendía ser la primera de una serie de siete, en torno a la locura. Sin embargo, pronto se vio atrapado por Masa y poder (1960), obra a la que dedicó una gran cantidad de años y en la cual se interroga sobre la manera en que se alimentan ambos fenómenos. La lengua absuelta (1977), La antorcha al oído ((1980) y El juego de ojos ((1985), constituyen por igual su autobiografía que una mirada a los grandes acontecimientos europeos; Fiesta bajo las bombas (2003), aunque publicada póstumamente, puede ser considerado el cuarto volumen de esas memorias. Otros de sus títulos son: La comedia de la vanidad (1952), La conciencia de las palabras (1975); La provincia del hombre (1973); y El corazón secreto del reloj (1987). 
649 |a XX 
650 |a Escritores Búlgaros 
650 |a Poder (Ciencias Sociales) 
650 |a Cultura de Masas 
650 |a Comportamiento Social 
650 |a Prácticas Culturales 
650 |a Sociología de la Cultura 
650 |a Sociología -  |x Teoría -  |x Tema Principal 
650 |a Sociología 
650 |a Ciencias Sociales 
650 |a Canetti, Elias -  |x Tema Principal 
856 4 0 |u https://iteso-odilotk-es.ezproxy.iteso.mx/info/03899208  |y Ver documento en línea 
910 |a Fondo General 
920 |a Electrónicos - Libros en Línea 
930 |a Plataforma Digital 
905 |a 205 
901 |a 590603-1  |b IT2  |c EBO  |i C  |u 20250521 
902 |a https://opac.biblio.iteso.mx/vufind/Record/000590603